| 000 | 00000nas 2200000za 4500 |
| 001 | 9.502421 |
| 003 | CaOODSP |
| 005 | 20250618103717 |
| 007 | cr ||||||||||| |
| 008 | 150406c20089999oncar p oss f0 b0fre|d |
| 020 | |z978-0-662-04040-8|z978-1-100-91709-2 |
| 022 | |a1911-5776 |
| 040 | |aCaOODSP|bfre |
| 043 | |an-cn--- |
| 086 | 1 |aCS92-162F-PDF|zCS92-162/2006-1F-PDF|zCS92-162/2009F-PDF |
| 245 | 00|aFichier des limites des subdivisions de recensement, guide de référence |h[ressource électronique]. |
| 260 | |aOttawa : |bStatistique Canada, Division de la géographie, |c2008- |
| 310 | |aAnnuel |
| 362 | 1 |aParaît depuis 2008. |
| 500 | |aPubl. aussi en anglais sous le titre : Census subdivision boundary file, reference guide. |
| 515 | |aLes livr. de 2011, 2015-2016 n'ont pas été publié. |
| 520 | |aCe guide décrit le contenu et les applications du produit et contient des renseignements sur la qualité des données, les clichés d'enregistrement et méthodologie. |
| 550 | |aPubl. 2017- par Statistique Canada. |
| 692 | 07|2gccst|aFrontière |
| 692 | 07|2gccst|aRecensement |
| 710 | 1 |aCanada.|bStatistique Canada.|bDivision de la géographie. |
| 710 | 2 |aStatistique Canada. |
| 775 | 08|tCensus subdivision boundary file, reference guide |w(CaOODSP)9.506019 |